000 00684cab a2200217 4500
001 ABS60654
008 090401t1999 xxu||||| |||| 00| 0 eng d
035 _a(Sirsi) u93568
041 _aeng
100 _aLawson, D.
245 _aChaos theories
260 _c1999
350 _a0
490 _aProperty Week
_v64(19) 14 May 1999, 34-35(2)
520 _aSmall businesses are still complacent about the threat of the Year 2000 computer problem. Outlines the areas where effort should be concentrated.
650 _aSMALL BUSINESSES
650 _aYEAR 2000 COMPLIANCE
690 _aMANAGEMENT-BUSINESS MANAGEMENT-INFORMATION MANAGEMENT
942 _n0
948 _c26/05/1999
999 _c59295
_d59295